| 000 | 00671nam a2200193 i 4500 | ||
|---|---|---|---|
| 001 | 57286 | ||
| 003 | ES-MaACL | ||
| 005 | 20250918063027.0 | ||
| 007 | t| | ||
| 008 | 031015s1973 sp ||||1| spa d | ||
| 100 | 1 |
_aDoménech, Ricardo, _d1938-2010 _945084 |
|
| 245 | 1 | 3 |
_aEl teatro de Buero Vallejo _b: una meditación española / _cRicardo Doménech. |
| 260 |
_aMadrid : _bGredos, _c[1973] |
||
| 300 |
_a371 p. ; _c21 cm. |
||
| 490 | 1 |
_aBiblioteca románica hispánica. II. Estudios y ensayos ; _v198 |
|
| 830 | 0 |
_aBiblioteca románica hispánica. II. Estudios y ensayos ; _v198 _9178108 |
|
| 852 |
_aES-MaACL _jC-56141 _bR.88777 |
||
| 999 |
_c57286 _d57286 |
||